Memoria del Ministro de Justicia e Instrucción Pública presentada al Congreso Nacional en 1892

Gespeichert in:
Bibliographische Detailangaben
Format: Buch
Sprache:Spanisch
Veröffentlicht: Santiago Imprenta Nacional 1892
Ausgabe:1a. ed
Schlagworte:
Tags: Tag hinzufügen
Keine Tags, Fügen Sie den ersten Tag hinzu!

MARC

LEADER 00000cam a2200000 a 4500
001 UCE4764
003 CL-VaPUC
008 141107e18920000cl |||||||||||||||||spa|d
082 0 4 |a 351.05  |b MEM  |2 21 
245 1 0 |a Memoria del Ministro de Justicia e Instrucción Pública presentada al Congreso Nacional en 1892 
250 |a 1a. ed 
300 |a 197 p 
942 |c BK 
945 |d 20141107 12:15:00  |a arojas 
260 |a Santiago  |b Imprenta Nacional  |c 1892 
600 0 7 |a MINISTERIO DE JUSTICIA  |2 CL-VaPUC  |9 383799 
600 0 7 |a CONGRESO NACIONAL  |2 CL-VaPUC  |9 396553 
650 7 |a MEMORIAS MINISTERIALES  |2 CL-VaPUC  |9 396559 
650 0 |a Historia de Chile   |9 322385 
650 0 |a Fuentes Históricas  |9 265141 
650 0 |a Balances  |9 356958 
650 0 |a Obras públicas  |9 261125 
650 0 |a Desarrollo cultural  |9 267526 
583 |a last modification  |c 20141107 12:15:00  |k Rodrigo Vera 
999 |c 357644  |d 357642 
952 |0 0  |1 0  |3 erd  |4 0  |6 351_050000000000000_MEM_1892  |7 0  |8 X  |9 465672  |a FDOBUD  |b FDOBUD  |i 5124115  |o 351.05 MEM 1892  |p 5124115  |r 2019-11-23  |w 2019-11-23  |y BK_X  |z Catalogado en:20141107  |k BUD